| 000 | 00689nam a2200241Ia 4500 | ||
|---|---|---|---|
| 005 | 20260121112055.0 | ||
| 008 | 3101 260114s9999 xx 000 0 eng d | ||
| 020 | _a9789811228537 | ||
| 037 | _aEBOOK | ||
| 040 |
_aCRL _beng _cCRL |
||
| 041 |
_aeng _2eng |
||
| 084 | _qCRL | ||
| 100 |
_aTan Chin Hwee & Grandjean Thomas _9951825 |
||
| 245 | 0 | _aValues At the Core: How Human Values Contribute to the Rise of Nations | |
| 260 | _bWorld Scientific | ||
| 260 | _bWSPC | ||
| 260 | _c2020 | ||
| 650 |
_aEconomics & Finance _9951826 |
||
| 856 | _uhttps://www.worldscientific.com/worldscibooks/10.1142/12048#t=toc | ||
| 942 | _cEBOOK | ||
| 999 |
_c1540401 _d1540401 |
||